| 000 | 00689cam a2200253 4500 | ||
|---|---|---|---|
| 999 |
_c7114 _d7114 |
||
| 001 | 7114 | ||
| 003 | BD-JhCC | ||
| 005 | 20180519102137.0 | ||
| 008 | 700617s1969 ilua 001 0 eng | ||
| 035 | _a(BD-JhCC)7114 | ||
| 040 |
_aDLC _cDLC _dDLC _dBD-JhCC |
||
| 041 | _aeng | ||
| 050 | 0 | 0 |
_aHQ769 _b.H94 1969 |
| 082 | 0 | 0 |
_a649.1 _bHUR 1969 |
| 100 | 1 |
_aHurlock, Elizabeth Bergner, _d1898- |
|
| 245 | 1 | 0 |
_aGuideposts for growing up / _cby Elizabeth B. Hurlock. |
| 260 |
_aChicago, _bStandard Educational Corp., _c1969. |
||
| 300 |
_a224 p. _billus. _c27 cm. |
||
| 490 | 0 | _aChild horizons | |
| 650 | 0 | _aChild rearing. | |
| 650 | 0 | _aChild psychology. | |
| 942 |
_2ddc _cBK |
||